<?xml version="1.0" encoding="UTF-8"?><?xml-stylesheet type="text/xsl" href="static/style.xsl"?><OAI-PMH xmlns="http://www.openarchives.org/OAI/2.0/" xmlns:xsi="http://www.w3.org/2001/XMLSchema-instance" xsi:schemaLocation="http://www.openarchives.org/OAI/2.0/ http://www.openarchives.org/OAI/2.0/OAI-PMH.xsd"><responseDate>2026-04-14T04:24:24Z</responseDate><request verb="GetRecord" identifier="oai:www.recercat.cat:10459.1/83322" metadataPrefix="marc">https://recercat.cat/oai/request</request><GetRecord><record><header><identifier>oai:recercat.cat:10459.1/83322</identifier><datestamp>2024-12-05T22:38:24Z</datestamp><setSpec>com_2072_3622</setSpec><setSpec>col_2072_479130</setSpec></header><metadata><record xmlns="http://www.loc.gov/MARC21/slim" xmlns:dcterms="http://purl.org/dc/terms/" xmlns:xsi="http://www.w3.org/2001/XMLSchema-instance" xmlns:doc="http://www.lyncode.com/xoai" xsi:schemaLocation="http://www.loc.gov/MARC21/slim http://www.loc.gov/standards/marcxml/schema/MARC21slim.xsd">
   <leader>00925njm 22002777a 4500</leader>
   <datafield ind2=" " ind1=" " tag="042">
      <subfield code="a">dc</subfield>
   </datafield>
   <datafield ind2=" " ind1=" " tag="720">
      <subfield code="a">Quero, Javier</subfield>
      <subfield code="e">author</subfield>
   </datafield>
   <datafield ind2=" " ind1=" " tag="720">
      <subfield code="a">Ballesteros, Lina F.</subfield>
      <subfield code="e">author</subfield>
   </datafield>
   <datafield ind2=" " ind1=" " tag="720">
      <subfield code="a">Ferreira-Santos, Pedro</subfield>
      <subfield code="e">author</subfield>
   </datafield>
   <datafield ind2=" " ind1=" " tag="720">
      <subfield code="a">Velderrain Rodríguez, Gustavo R.</subfield>
      <subfield code="e">author</subfield>
   </datafield>
   <datafield ind2=" " ind1=" " tag="720">
      <subfield code="a">Rocha, Cristina M. R.</subfield>
      <subfield code="e">author</subfield>
   </datafield>
   <datafield ind2=" " ind1=" " tag="720">
      <subfield code="a">Pereira, Ricardo N.</subfield>
      <subfield code="e">author</subfield>
   </datafield>
   <datafield ind2=" " ind1=" " tag="720">
      <subfield code="a">Teixeira, José A.</subfield>
      <subfield code="e">author</subfield>
   </datafield>
   <datafield ind2=" " ind1=" " tag="720">
      <subfield code="a">Martín Belloso, Olga</subfield>
      <subfield code="e">author</subfield>
   </datafield>
   <datafield ind2=" " ind1=" " tag="720">
      <subfield code="a">Osada, Jesús</subfield>
      <subfield code="e">author</subfield>
   </datafield>
   <datafield ind2=" " ind1=" " tag="720">
      <subfield code="a">Rodríguez-Yoldi, María Jesús</subfield>
      <subfield code="e">author</subfield>
   </datafield>
   <datafield ind2=" " ind1=" " tag="260">
      <subfield code="c">2022-05-19T07:58:20Z</subfield>
   </datafield>
   <datafield ind2=" " ind1=" " tag="260">
      <subfield code="c">2022-05-19T07:58:20Z</subfield>
   </datafield>
   <datafield ind2=" " ind1=" " tag="260">
      <subfield code="c">2022</subfield>
   </datafield>
   <datafield ind2=" " ind1=" " tag="520">
      <subfield code="a">Olive pomace (OP) is the main residue that results from olive oil production.  OP is richin bioactive compounds, including polyphenols, so its use in the treatments of diseases related tooxidative stress, such as cancer, could be considered. The present work aimed to study the biologicalproperties of different OP extracts, obtained by ohmic heating-assisted extraction and conventionalheating, using water and 50% ethanol, in the treatment and prevention of colorectal cancer throughCaco-2 cell models. Additionally, an in-silico analysis was performed to identify the phenolic intestinalabsorption and Caco-2 permeability. The extracts were chemically characterized, and it was found thatthe Ohmic-hydroethanolic (OH-EtOH) extract had the highest antiproliferative effect, probably dueto its higher content of phenolic compounds.  The OH-EtOH induced potential modifications in themitochondrial membrane and led to apoptosis by cell cycle arrest in the G1/S phases with activationof p53 and caspase 3 proteins. In addition, this extract protected the intestine against oxidative stress(ROS) caused by H2O2. Therefore, the bioactive compounds present in OP and recovered by applying agreen technology such as ohmic-heating, show promising potential to be used in food, nutraceutical,and biomedical applications, reducing this waste and facilitating the circular economy.</subfield>
   </datafield>
   <datafield ind2=" " ind1=" " tag="520">
      <subfield code="a">This work was supported by the Grants from MCIN, CIBEROBN (CB06/03/1012), RedMultimetdrugs (RED2018-102471-T), and the Government of Aragón (B16-20R), the Interreg SudoeProgram (REDVALUE, SOE1/P1/E0123) through the European Regional Development Fund (FEDER) and the Portuguese Foundation for Science and Technology (FCT) under the scope of the strategicfunding of UIDB/04469/2020 unit.</subfield>
   </datafield>
   <datafield ind1="8" ind2=" " tag="024">
      <subfield code="a">http://hdl.handle.net/10459.1/83322</subfield>
   </datafield>
   <datafield tag="653" ind2=" " ind1=" ">
      <subfield code="a">Olive pomace waste</subfield>
   </datafield>
   <datafield tag="653" ind2=" " ind1=" ">
      <subfield code="a">Ohmic heating</subfield>
   </datafield>
   <datafield tag="653" ind2=" " ind1=" ">
      <subfield code="a">Apoptosis</subfield>
   </datafield>
   <datafield tag="653" ind2=" " ind1=" ">
      <subfield code="a">Caco-2 cells</subfield>
   </datafield>
   <datafield tag="653" ind2=" " ind1=" ">
      <subfield code="a">ROS</subfield>
   </datafield>
   <datafield tag="653" ind2=" " ind1=" ">
      <subfield code="a">Oli d'oliva--Residus</subfield>
   </datafield>
   <datafield ind2="0" ind1="0" tag="245">
      <subfield code="a">Unveiling the antioxidant therapeutic functionality of sustainable olive pomace active ingredients</subfield>
   </datafield>
</record></metadata></record></GetRecord></OAI-PMH>